<?xml version="1.0" encoding="UTF-8"?>
<collection xmlns="http://www.loc.gov/MARC21/slim">
  <record>
    <leader>00000nam  2200000   4500</leader>
    <controlfield tag="001">INLIS000000000002896</controlfield>
    <controlfield tag="005">20180724150902</controlfield>
    <controlfield tag="008">180724|||||||||   |   |||   |||| ||   | </controlfield>
    <datafield tag="020" ind1=" " ind2=" ">
      <subfield code="a">9795330462</subfield>
    </datafield>
    <datafield tag="035" ind1=" " ind2=" ">
      <subfield code="0">010-0718002896</subfield>
    </datafield>
    <datafield tag="041" ind1=" " ind2=" ">
      <subfield code="a">id</subfield>
    </datafield>
    <datafield tag="082" ind1=" " ind2=" ">
      <subfield code="a">005.712</subfield>
    </datafield>
    <datafield tag="090" ind1=" " ind2=" ">
      <subfield code="a">005.712 Jog t</subfield>
    </datafield>
    <datafield tag="100" ind1=" " ind2=" ">
      <subfield code="a">H.M., Jogiyanto</subfield>
    </datafield>
    <datafield tag="245" ind1=" " ind2=" ">
      <subfield code="a">Teori dan Aplikasi Program Komputer Bahasa Pascal, Jilid I</subfield>
    </datafield>
    <datafield tag="250" ind1=" " ind2=" ">
      <subfield code="a">Ed. 1</subfield>
    </datafield>
    <datafield tag="260" ind1=" " ind2=" ">
      <subfield code="a">Yogyakarta</subfield>
      <subfield code="b">Andi Offset</subfield>
      <subfield code="c">1989</subfield>
    </datafield>
    <datafield tag="300" ind1=" " ind2=" ">
      <subfield code="a">xix; 615 hlm.; ilus; 22 cm</subfield>
    </datafield>
    <datafield tag="500" ind1=" " ind2=" ">
      <subfield code="a">Buku Pascal ini ditulis berdasarkan Turbo Pascal yang merupakan bahasa Pascal paling populer dan terbaik di komputer Mikro. Semua contoh-contoh di buku ini telah dicoba dengan menggunakan Turbo Pascal versi 4.0 dan 5.0 di komputer IBM PC kompatibel. Pembahasan Turbo Pascal tidaklah lengkap bila tidak membahas suatu alat yang sangat powerful yang disediakan oleh Turbo Pascal, yaitu Turbo Pascal Database Toolbox. Karena buku ini berisi pembahasan yang lengkap, maka Turbo Pascal Database Toolbo juga akan dibahas di buku ini, yaitu di bab 22. Buku ini terdiri dari 22 bab dengan 17 lampiran, daftar pustaka dan indeks yang lengkap.</subfield>
    </datafield>
    <datafield tag="650" ind1=" " ind2=" ">
      <subfield code="a">Program Komputer</subfield>
    </datafield>
  </record>
</collection>
